000 00997cam a22003011 4500
001 28634
003 BD-RjUL
005 20211209051317.0
008 140331r19861965enka b 001 0 eng
020 _a007Y855129
035 _a(BD-RjUL)28715
040 _aDLC
_cDLC
_dDLC
_dBD-RjUL
_beng
041 _aeng
082 0 0 _a621.3815
_bMIP 1986
100 1 _aMillman, Jacob.
_d1911-
_939366
245 1 0 _aPulse, digital, and switching waveforms :
_bdevices and circuits for their generation and processing /
_cby Jacob Millman [and] Herbert Taub.
260 _aNew York :
_bMcGraw-Hill,
_cc1965 [Reprint 1986].
300 _axiv, 958 p. :
_billus. ;
_c24 cm.
504 _aIncludes bibliographies & Index.
650 0 _aElectronic circuits.
_938587
650 0 _aDelay lines.
_941781
650 0 _aSwitching circuits.
_939282
650 0 _aPulse circuits.
_939281
700 1 _aTaub, Herbert,
_d1918-
_ejoint author.
_941782
942 _2ddc
_cBK
999 _c28634
_d28634